Rapport sur les travaux de fouilles et consolidations effectuées en 1933-1934-1935-1936 par le Service des monuments historiques de l'Algérie /

Saved in:
Bibliographic Details
Main Author: Christofle, Marcel.
Corporate Author: Algeria. Service des monuments historiques.
Format: Book
Language:French
Published: Alger : Imprimé par F. Fontana, [1938]
Subjects:
Tags: Add Tag
No Tags, Be the first to tag this record!
LEADER 00879cam a2200229Ka 4500
001 006123747-7
005 20091209092806.0
008 991229s1938 ae aef 000 0 fre d
035 0 |a ocm80169920 
035 0 |a ocm43109143 
040 |a YUS  |c YUS  |d OCLCQ 
043 |a f-ae--- 
100 1 |a Christofle, Marcel. 
245 1 0 |a Rapport sur les travaux de fouilles et consolidations effectuées en 1933-1934-1935-1936 par le Service des monuments historiques de l'Algérie /  |c par Marcel Christofle.. 
260 |a Alger :  |b Imprimé par F. Fontana,  |c [1938] 
300 |a 477 p., [1] folded leaf of plates :  |b ill., plans ;  |c 24 cm. 
500 |a At head of title on cover: Gouvernement Générale de l'Algérie. 
650 0 |a Excavations (Archaeology)  |z Algeria. 
651 0 |a Algeria  |x Antiquities. 
710 1 |a Algeria.  |b Service des monuments historiques. 
988 |a 20020608 
906 |0 OCLC